Psikodinamik Açıdan Ahmet Erhan ve Şiiri (Record no. 1540)

000 -LEADER
fixed length control field 00522nam a22001817a 4500
008 - FIXED-LENGTH DATA ELEMENTS--GENERAL INFORMATION
fixed length control field 171026b xxu||||| |||| 00| p tur d
020 ## - INTERNATIONAL STANDARD BOOK NUMBER
International Standard Book Number 9759056259
041 ## - LANGUAGE CODE
Language code of text/sound track or separate title Türkçe
050 ## - LIBRARY OF CONGRESS CALL NUMBER
Classification number PL248.E689
100 ## - MAIN ENTRY--PERSONAL NAME
9 (RLIN) 260
Personal name Yusuf Alper
245 ## - TITLE STATEMENT
Title Psikodinamik Açıdan Ahmet Erhan ve Şiiri
250 ## - EDITION STATEMENT
Edition statement 1.Basım
260 ## - PUBLICATION, DISTRIBUTION, ETC.
Place of publication, distribution, etc. İstanbul
Name of publisher, distributor, etc. Digraf Yayıncılık, Şiirden
Date of publication, distribution, etc. Ekim 2006
300 ## - PHYSICAL DESCRIPTION
Extent 109 Sayfa
500 ## - GENERAL NOTE
General note
Diagraf Yayıncılık : 26
Şiir - Antoloji : 13
650 #0 - SUBJECT ADDED ENTRY--TOPICAL TERM
9 (RLIN) 145
Topical term or geographic name entry element Türk Edebiyatı
942 ## - ADDED ENTRY ELEMENTS (KOHA)
Source of classification or shelving scheme
Koha item type Books
Holdings
Withdrawn status Lost status Source of classification or shelving scheme Damaged status Not for loan Permanent Location Current Location Shelving location Date acquired Full call number Barcode Date last seen Price effective from Koha item type
        Ödünç verilemez İmren Ahmet Tüzün Kütüphanesi İmren Ahmet Tüzün Kütüphanesi Ahmet Tüzün 2017-10-26 PL248.E689 100100001518 2017-10-26 2017-10-26 Books

This software was implemented, installed and managed by Devinim Software Training Consulting .